[Event "DOM-ch"]
[Site "Santo Domingo"]
[Date "2016.04.15"]
[Round "9"]
[White "Mendez, Ruddy Antonio"]
[Black "Del Rosario, Randel"]
[Result "0-1"]
[WhiteElo "2050"]
[BlackElo "1968"]
[PlyCount "108"]
[EventDate "2016.04.01"]
[EventType "swiss"]
[EventRounds "11"]
[EventCountry "DOM"]
[SourceTitle "CBM 171 Extra"]
[Source "ChessBase"]
[SourceDate "2016.04.26"]
[SourceVersion "1"]
[SourceVersionDate "2016.04.26"]
[SourceQuality "1"]

1. d4 Nf6 2. Nf3 g6 3. g3 d5 4. Bg2 Bg7 5. 0-0 Nc6 6. c4 dxc4 7. Qa4 0-0 8. Qxc4 Be6 9. Qa4 a6 10. Nc3 Nd5 11. Bg5 h6 12. Bd2 Nb6 13. Qd1 Nxd4 14. Nxd4 Qxd4 15. Bxb7 Rad8 16. Bc1 Qc4 17. Qe1 c6 18. Be3 Rb8 19. Bxb6 Rxb7 20. Be3 Rxb2 21. Rc1 Bh3 22. Nd1 Qxe2 23. Qxe2 Rxe2 24. a3 Bxf1 25. Kxf1 Ra2 26. Bc5 Ra1 27. Rxa1 Bxa1 28. Bxe7 Re8 29. Bb4 Bg7 30. Ne3 Bf8 31. Nc2 Bxb4 32. Nxb4 c5 33. Nxa6 c4 34. Nb4 c3 35. Nc2 Kg7 36. h3 f5 37. Nb4 Re4 38. Nc2 Kf6 39. f3 Re8 40. a4 Rd8 41. Ke1 Rd2 42. Ne3 Ke6 43. h4 Ra2 44. Kd1 g5 45. hxg5 hxg5 46. a5 Ke5 47. a6 Kd4 48. Nc2+ Kc4 49. f4 gxf4 50. gxf4 Rxa6 51. Kc1 Rh6 52. Ne3+ Kd3 53. Nd1 Rh2 54. Nf2+ Rxf2 0-1

[Event "DOM-ch"]
[Site "Santo Domingo"]
[Date "2016.04.03"]
[Round "4"]
[White "Lorenzo De Los Santos, Luis L"]
[Black "Del Rosario, Randel"]
[Result "0-1"]
[WhiteElo "2134"]
[BlackElo "1968"]
[PlyCount "92"]
[EventDate "2016.04.01"]
[EventType "swiss"]
[EventRounds "11"]
[EventCountry "DOM"]
[SourceTitle "CBM 171 Extra"]
[Source "ChessBase"]
[SourceDate "2016.04.26"]
[SourceVersion "1"]
[SourceVersionDate "2016.04.26"]
[SourceQuality "1"]

1. d4 Nf6 2. Nf3 g6 3. c4 Bg7 4. Nc3 d5 5. Qb3 dxc4 6. Qxc4 0-0 7. Bf4 c6 8. e4 Be6 9. Qa4 b5 10. Qc2 Qa5 11. Bd2 Qb6 12. Be2 Na6 13. 0-0 Nb4 14. Qd1 a5 15. h3 Bc4 16. Be3 Rfd8 17. Bxc4 bxc4 18. Qe2 Qa6 19. Rad1 a4 20. Ne5 a3 21. bxa3 Nd3 22. Nxd3 cxd3 23. Rxd3 Qxa3 24. e5 Ne8 25. f4 Qa6 26. Qd2 Qc4 27. a4 Nc7 28. Rb1 Rdb8 29. Rxb8+ Rxb8 30. d5 cxd5 31. Nxd5 Nxd5 32. Rxd5 Qxa4 33. Bc5 Bf8 34. f5 Qa1+ 35. Kh2 Rb2 36. Qg5 Rb1 37. fxg6 hxg6 38. e6 Rh1+ 39. Kg3 Qe1+ 40. Kg4 Qxe6+ 41. Kg3 Qe1+ 42. Bf2 Qc3+ 43. Kg4 Qc4+ 44. Bd4 Qe2+ 45. Kg3 Rf1 46. Rd8 Qe1+ 0-1